| 000 | 00701nam a2200241 4500 | ||
|---|---|---|---|
| 001 | 5982 | ||
| 010 | _a972611389X | ||
| 021 | _b125747/98 | ||
| 090 | _a5982 | ||
| 100 | _a20211231d u||y0pory50 ba | ||
| 200 |
_aDias Felizes ... um dia em grande! _fCaroline Kenneth _gil. Phill Ortiz , Josie Yee |
||
| 210 |
_aLinda-a-Velha _cAbril/Controljornal _d[19xx] |
||
| 215 |
_a12p. _cil. |
||
| 606 |
_914 _aLiteratura infantil |
||
| 606 |
_913 _aLiteratura Estrangeira |
||
| 675 |
_a82-93 _vBN _zpor |
||
| 675 |
_a821.1/.8 _vBN _zpor |
||
| 700 |
_95662 _aKenneth _bCaroline |
||
| 702 |
_95663 _aOrtiz _bPhil |
||
| 702 |
_95516 _aYee _bJosie |
||
| 801 |
_aPT _bBMVN _gRPC |
||
| 830 |
_cAna Caetano _d31/12/2021 |
||
| 990 | _cLIVROS | ||